Kruschef y la cultura (Registro nro. 87378)

Detalles MARC
000 -LEADER
campo de control de longitud fija 00855nam a2200205 i 4500
001 - NÚMERO DE CONTROL
campo de control 87378
003 - IDENTIFICADOR DE NÚMERO DE CONTROL
campo de control ES-MaACL
005 - FECHA Y HORA DE LA ÚLTIMA TRANSACCIÓN
campo de control 20230906175646.0
007 - CAMPO FIJO DE DESCRIPCIÓN FÍSICA--INFORMACIÓN GENERAL
campo de control de longitud fija t|
008 - DATOS DE LONGITUD FIJA--INFORMACIÓN GENERAL
campo de control de longitud fija 041221s1963 fr ||||1| spa d
100 1# - ENTRADA PRINCIPAL--NOMBRE DE PERSONA
Nombre de persona Jrushchiov, Nikita Sergueevich.
9 (RLIN) 67086
245 13 - MENCIÓN DEL TÍTULO
Título Kruschef y la cultura
Resto del título : la novela, la poesía, la pintura, la música, el cine /
Mención de responsabilidad, etc. Kruschef.
260 ## - PUBLICACIÓN, DISTRIBUCIÓN, ETC.
Lugar de publicación, distribución, etc. [París :
Nombre del editor, distribuidor, etc. Polyglottes],
Fecha de publicación, distribución, etc. 1963.
300 ## - DESCRIPCIÓN FÍSICA
Extensión 64 p. ;
Dimensiones 26 cm.
594 ## - Nota al título y mención de responsabilidad
Nota al título y mención de responsabilidad Texto del discurso pronunciado por Kruschev, en la reunión de dirigentes del Partido y del Gobierno, con escritores y artistas, celebrado en el Kremlin el 8 de marzo de 1963.
595 ## -
-- Suplemento de: Cuadernos: la revista mensual de América Latina, julio 1963, n. 74.
650 #4 - PUNTO DE ACCESO ADICIONAL DE MATERIA--TÉRMINO DE MATERIA
Término de materia o nombre geográfico como elemento de entrada Cultura-
Subdivisión cronológica S.XX.
9 (RLIN) 11520
651 #4 - PUNTO DE ACCESO ADICIONAL DE MATERIA--NOMBRE GEOGRÁFICO
Nombre geográfico Rusia-
Subdivisión general Vida intelectual.
9 (RLIN) 171052
852 4# - LOCALIZACIÓN
Ubicación ES-MaACL
Número de control de estantería C-26598
Existencias
Estatus retirado Estado de pérdida Estado de daño No para préstamo Biblioteca de origen Biblioteca actual Ubicación en estantería Fecha de adquisición Fuente de adquisición Total de préstamos Signatura topográfica completa Código de barras Visto por última vez Precio de reemplazo Tipo de ítem Koha
        Biblioteca del Ateneo de Madrid Biblioteca del Ateneo de Madrid Depósito 2 17/01/2008     C-26598 1091286 23/02/2023 23/02/2023 Libro impreso